Loading...
| Current Events | 2 | 15.00 | 100% | 50% | 0% |
| Fine Arts - Classical Music | 5 | 6.00 | 60% | 0% | 0% |
| Fine Arts - Other | 5 | 12.00 | 100% | 20% | 0% |
| Fine Arts - Painting and Sculpture | 2 | 20.00 | 100% | 100% | 0% |
| Geography | 1 | 20.00 | 100% | 100% | 0% |
| History - American | 5 | 14.00 | 100% | 20% | 20% |
| History - European | 6 | 21.67 | 100% | 83% | 33% |
| History - Other | 4 | 15.00 | 100% | 50% | 0% |
| History - World | 3 | 13.33 | 100% | 33% | 0% |
| Literature - American | 3 | 23.33 | 100% | 100% | 33% |
| Literature - British | 6 | 15.00 | 100% | 50% | 0% |
| Literature - European | 5 | 18.00 | 100% | 60% | 20% |
| Literature - World | 5 | 18.00 | 100% | 60% | 20% |
| Mythology | 6 | 21.67 | 100% | 83% | 33% |
| Other Academic | 1 | 30.00 | 100% | 100% | 100% |
| Philosophy | 2 | 30.00 | 100% | 100% | 100% |
| Religion | 6 | 16.67 | 100% | 50% | 17% |
| Science - Biology | 6 | 11.67 | 100% | 17% | 0% |
| Science - Chemistry | 4 | 15.00 | 100% | 50% | 0% |
| Science - Other | 2 | 20.00 | 100% | 100% | 0% |
| Science - Physics | 5 | 12.00 | 100% | 20% | 0% |
| Social Science | 5 | 12.00 | 100% | 20% | 0% |